| 000 | 00526nam a22001817a 4500 | ||
|---|---|---|---|
| 003 | KOHA_MİRAKIL | ||
| 005 | 20251209071917.0 | ||
| 008 | 251209b tu ||||| |||| 00| 0 tur d | ||
| 020 | _a9786057153838 | ||
| 040 |
_aTR-AnABB _btur _cTR-AnABB |
||
| 041 | _atur | ||
| 082 |
_a810.4109 _bULU 2023 |
||
| 245 | 1 | 0 | _aUluslararası Türk Dili ve Edebiyatı Kurultayı Bildirileri / |
| 260 |
_aİstanbul : _bElginkan Vakfı, _c2023 |
||
| 300 |
_a667 sayfa ; _c24 cm |
||
| 650 | 0 | 4 | _aÇağdaş Türk edebiyatı |
| 942 |
_2ddc _cBK |
||
| 999 |
_c9695 _d9695 |
||
| 900 | _bGizem YORULMAZ | ||